000 00427nam a2200145 i 4500
001 bg
100 1 _aBONUSIAK, Włodzimierz
245 0 _aPolityka ekonomiczna III Rzeszy na okupowanych obszarach ZSRR (1941-1944) /
_cWłodzimierz Bonusiak.
260 _aRzeszów,
_c1981.
040 _cBPK
041 _apol
080 _a338.1(47+57):338.22(47+57)"19":940.531.8
942 _cKS
008 s pl f |000 0 pol
999 _c20540
_d20540
856 _uhttp://koha.tu.koszalin.pl/cgi-bin/koha/opac-detail.pl?biblionumber=20540
_yKatalog online BPK